French regular -ir verbs - Statistics

General Stats
  • This quiz has been taken 21 times
  • The average score is 24 of 94
Answer Stats
Hint Answer % Correct
past participle -i
82%
je/j' (present) -is
82%
je/j' (passé simple) -is
82%
tu (present) -is
82%
tu (passé simple) -is
82%
tu (imperative) -is
82%
je/j' (subjunctive) -isse
73%
je/j' (imperfect subj.) -isse
73%
il (subjunctive) -isse
73%
ils (present) -issent
73%
ils (subjunctive) -issent
73%
ils (imperfect subj.) -issent
73%
vous (present) -issez
73%
vous (imperative) -issez
73%
nous (present) -issons
73%
nous (imperative) -issons
73%
il (present) -it
73%
il (passé simple) -it
73%
il (passé composé) a -i
36%
je/j' (imperfect) -issais
27%
tu (imperfect) -issais
27%
vous (imperfect) -issiez
27%
vous (subjunctive) -issiez
27%
vous (imperfect subj.) -issiez
27%
nous (imperfect) -issions
27%
nous (subjunctive) -issions
27%
nous (imperfect subj.) -issions
27%
je/j' (passé composé) ai -i
18%
tu (passé composé) as -i
18%
vous (passé composé) avez -i
18%
past infinitive avoir -i
18%
nous (passé composé) avons -i
18%
il (future) -ira
18%
je/j' (future) -irai
18%
ils (conditional) -iraient
18%
je/j' (conditional) -irais
18%
tu (conditional) -irais
18%
il (conditional) -irait
18%
tu (future) -iras
18%
vous (future) -irez
18%
vous (conditional) -iriez
18%
nous (conditional) -irions
18%
nous (future) -irons
18%
ils (future) -iront
18%
ils (imperfect) -issaient
18%
il (imperfect) -issait
18%
tu (subjunctive) -isses
18%
tu (imperfect subj.) -isses
18%
ils (passé composé) ont -i
18%
je/j' (past subjunctive) aie -i
9%
tu (past imperative) aie -i
9%
ils (past subjunctive) aient -i
9%
tu (past subjunctive) aies -i
9%
il (past subjunctive) ait -i
9%
il (future perfect) aura -i
9%
ils (past conditional) auraient -i
9%
je/j' (future perfect) aurai -i
9%
je/j' (past conditional) aurais -i
9%
tu (past conditional) aurais -i
9%
il (past conditional) aurait -i
9%
tu (future perfect) auras -i
9%
vous (future perfect) aurez -i
9%
vous (past conditional) auriez -i
9%
nous (past conditional) aurions -i
9%
nous (future perfect) aurons -i
9%
ils (future perfect) auront -i
9%
ils (past perfect) avaient -i
9%
je/j' (past perfect) avais -i
9%
tu (past perfect) avais -i
9%
il (past perfect) avait -i
9%
vous (past perfect) aviez -i
9%
nous (past perfect) avions -i
9%
perfect participle ayant -i
9%
vous (past subjunctive) ayez -i
9%
vous (past imperative) ayez -i
9%
nous (past subjunctive) ayons -i
9%
nous (past imperative) ayons -i
9%
nous (past anterior) eûmes -i
9%
ils (past anterior) eurent -i
9%
je/j' (past anterior) eus -i
9%
tu (past anterior) eus -i
9%
je/j' (pluperfect subj.) eusse -i
9%
ils (pluperfect subj.) eussent -i
9%
tu (pluperfect subj.) eusses -i
9%
vous (pluperfect subj.) eussiez -i
9%
nous (pluperfect subj.) eussions -i
9%
vous (past anterior) eûtes -i
9%
il (pluperfect subj.) eût -i
9%
il (past anterior) eut -i
9%
nous (passé simple) -îmes
9%
vous (passé simple) -îmes
9%
ils (passé simple) -irent
9%
present participle -issant
9%
il (imperfect subj.) -lît
0%
No matching quizzes found
Score Distribution
Percent of People with Each Score
Percentile by Number Answered
Your Score History
You have not taken this quiz